<?xml version="1.0" encoding="UTF-8"?>
<record
    xmlns:xsi="http://www.w3.org/2001/XMLSchema-instance"
    xsi:schemaLocation="http://www.loc.gov/MARC21/slim http://www.loc.gov/standards/marcxml/schema/MARC21slim.xsd"
    xmlns="http://www.loc.gov/MARC21/slim">

  <leader>00842nam a22001937a 4500</leader>
  <datafield tag="999" ind1=" " ind2=" ">
    <subfield code="c">57109</subfield>
    <subfield code="d">57109</subfield>
  </datafield>
  <controlfield tag="003">Ge_BSU</controlfield>
  <controlfield tag="005">20191119155243.0</controlfield>
  <controlfield tag="008">191119s2018    ge ||||| |||| 00| 0 geo d</controlfield>
  <datafield tag="041" ind1=" " ind2=" ">
    <subfield code="a">geo</subfield>
  </datafield>
  <datafield tag="080" ind1=" " ind2=" ">
    <subfield code="a">598.2(031) &#x10D9;-81</subfield>
  </datafield>
  <datafield tag="245" ind1=" " ind2=" ">
    <subfield code="a">&#x10D9;&#x10E0;&#x10EC;&#x10D0;&#x10DC;&#x10D8;&#x10E1;&#x10D8;&#x10E1; &#x10E2;&#x10E7;&#x10D4;&#x10DE;&#x10D0;&#x10E0;&#x10D9;&#x10D8;&#x10E1; &#x10E4;&#x10E0;&#x10D8;&#x10DC;&#x10D5;&#x10D4;&#x10DA;&#x10D4;&#x10D1;&#x10D8; :</subfield>
    <subfield code="b">&#x10DB;&#x10D4;&#x10D2;&#x10D6;&#x10E3;&#x10E0;&#x10D8;  /</subfield>
    <subfield code="c">&#x10E4;&#x10DD;&#x10E2;&#x10DD;  &#x10DA;&#x10D4;&#x10D5;&#x10D0;&#x10DC;   &#x10E5;&#x10DD;&#x10D1;&#x10D0;&#x10DA;&#x10D8;&#x10D0;&#x10E1;&#x10D8;.</subfield>
  </datafield>
  <datafield tag="264" ind1=" " ind2=" ">
    <subfield code="a">&#x10D7;&#x10D1;&#x10D8;&#x10DA;&#x10D8;&#x10E1;&#x10D8;,</subfield>
    <subfield code="c">2018.</subfield>
  </datafield>
  <datafield tag="300" ind1=" " ind2=" ">
    <subfield code="a">195 &#x10D2;&#x10D5;.:</subfield>
    <subfield code="b">&#x10D8;&#x10DA;; </subfield>
    <subfield code="c">18 &#x10E1;&#x10DB;.</subfield>
  </datafield>
  <datafield tag="500" ind1=" " ind2=" ">
    <subfield code="a">&#x10D2;&#x10D0;&#x10DC;&#x10DB;&#x10D0;&#x10E0;&#x10E2;&#x10D4;&#x10D1;&#x10D0;&#x10DC;&#x10D8;: &#x10D2;&#x10D5;.186&#x2013;193</subfield>
  </datafield>
  <datafield tag="653" ind1=" " ind2=" ">
    <subfield code="a">&#x10D6;&#x10DD;&#x10DD;&#x10DA;&#x10DD;&#x10D2;&#x10D8;&#x10D0;</subfield>
  </datafield>
  <datafield tag="653" ind1=" " ind2=" ">
    <subfield code="a">&#x10D9;&#x10E0;&#x10EC;&#x10D0;&#x10DC;&#x10D8;&#x10E1;&#x10D8;&#x10E1; &#x10E2;&#x10E7;&#x10D4;&#x10DE;&#x10D0;&#x10E0;&#x10D9;&#x10E8;&#x10D8; &#x10DB;&#x10DD;&#x10D1;&#x10D8;&#x10DC;&#x10D0;&#x10D3;&#x10E0;&#x10D4; &#x10E4;&#x10E0;&#x10D8;&#x10DC;&#x10D5;&#x10D4;&#x10DA;&#x10D4;&#x10D1;&#x10D8;</subfield>
  </datafield>
  <datafield tag="700" ind1=" " ind2=" ">
    <subfield code="a">&#x10E5;&#x10DD;&#x10D1;&#x10D0;&#x10DA;&#x10D8;&#x10D0;, &#x10DA;&#x10D4;&#x10D5;&#x10D0;&#x10DC;</subfield>
    <subfield code="e">&#x10E4;&#x10DD;&#x10E2;&#x10DD;</subfield>
    <subfield code="9">5458</subfield>
  </datafield>
  <datafield tag="942" ind1=" " ind2=" ">
    <subfield code="2">udc</subfield>
    <subfield code="c">BK</subfield>
  </datafield>
  <datafield tag="952" ind1=" " ind2=" ">
    <subfield code="0">0</subfield>
    <subfield code="1">0</subfield>
    <subfield code="2">udc</subfield>
    <subfield code="4">0</subfield>
    <subfield code="6">5982031_&#x10D9;81</subfield>
    <subfield code="7">0</subfield>
    <subfield code="9">87670</subfield>
    <subfield code="a">CPL</subfield>
    <subfield code="b">CPL</subfield>
    <subfield code="c">GEN</subfield>
    <subfield code="d">2019-11-19</subfield>
    <subfield code="g">10.00</subfield>
    <subfield code="o">598.2(031) &#x10D9;-81</subfield>
    <subfield code="p">59190</subfield>
    <subfield code="r">2019-11-19</subfield>
    <subfield code="t">59190</subfield>
    <subfield code="w">2019-11-19</subfield>
    <subfield code="y">BK</subfield>
    <subfield code="z">10.00</subfield>
  </datafield>
  <datafield tag="952" ind1=" " ind2=" ">
    <subfield code="0">0</subfield>
    <subfield code="1">0</subfield>
    <subfield code="2">udc</subfield>
    <subfield code="4">0</subfield>
    <subfield code="6">5982031_&#x10D9;81</subfield>
    <subfield code="7">0</subfield>
    <subfield code="9">87671</subfield>
    <subfield code="a">CPL</subfield>
    <subfield code="b">CPL</subfield>
    <subfield code="c">GEN</subfield>
    <subfield code="d">2019-11-19</subfield>
    <subfield code="g">10.00</subfield>
    <subfield code="o">598.2(031) &#x10D9;-81</subfield>
    <subfield code="p">59191</subfield>
    <subfield code="r">2019-11-19</subfield>
    <subfield code="t">59191</subfield>
    <subfield code="w">2019-11-19</subfield>
    <subfield code="y">BK</subfield>
    <subfield code="z">10.00</subfield>
  </datafield>
  <datafield tag="952" ind1=" " ind2=" ">
    <subfield code="0">0</subfield>
    <subfield code="1">0</subfield>
    <subfield code="2">udc</subfield>
    <subfield code="4">0</subfield>
    <subfield code="6">5982031_&#x10D9;81</subfield>
    <subfield code="7">0</subfield>
    <subfield code="9">87672</subfield>
    <subfield code="a">CPL</subfield>
    <subfield code="b">CPL</subfield>
    <subfield code="c">GEN</subfield>
    <subfield code="d">2019-11-19</subfield>
    <subfield code="g">10.00</subfield>
    <subfield code="o">598.2(031) &#x10D9;-81</subfield>
    <subfield code="p">59192</subfield>
    <subfield code="r">2019-11-19</subfield>
    <subfield code="t">59192</subfield>
    <subfield code="w">2019-11-19</subfield>
    <subfield code="y">BK</subfield>
    <subfield code="z">10.00</subfield>
  </datafield>
  <datafield tag="952" ind1=" " ind2=" ">
    <subfield code="0">0</subfield>
    <subfield code="1">0</subfield>
    <subfield code="2">udc</subfield>
    <subfield code="4">0</subfield>
    <subfield code="6">5982031_&#x10D9;81</subfield>
    <subfield code="7">0</subfield>
    <subfield code="9">87673</subfield>
    <subfield code="a">CPL</subfield>
    <subfield code="b">CPL</subfield>
    <subfield code="c">GEN</subfield>
    <subfield code="d">2019-11-19</subfield>
    <subfield code="g">10.00</subfield>
    <subfield code="o">598.2(031) &#x10D9;-81</subfield>
    <subfield code="p">59193</subfield>
    <subfield code="r">2019-11-19</subfield>
    <subfield code="t">59193</subfield>
    <subfield code="w">2019-11-19</subfield>
    <subfield code="y">BK</subfield>
    <subfield code="z">10.00</subfield>
  </datafield>
  <datafield tag="952" ind1=" " ind2=" ">
    <subfield code="0">0</subfield>
    <subfield code="1">0</subfield>
    <subfield code="2">udc</subfield>
    <subfield code="4">0</subfield>
    <subfield code="6">5982031_&#x10D9;81</subfield>
    <subfield code="7">0</subfield>
    <subfield code="9">87674</subfield>
    <subfield code="a">CPL</subfield>
    <subfield code="b">CPL</subfield>
    <subfield code="c">GEN</subfield>
    <subfield code="d">2019-11-19</subfield>
    <subfield code="g">10.00</subfield>
    <subfield code="o">598.2(031) &#x10D9;-81</subfield>
    <subfield code="p">59194</subfield>
    <subfield code="r">2019-11-19</subfield>
    <subfield code="t">59194</subfield>
    <subfield code="w">2019-11-19</subfield>
    <subfield code="y">BK</subfield>
    <subfield code="z">10.00</subfield>
  </datafield>
</record>
